| 000 | 01097nam a22003011 4500 | ||
|---|---|---|---|
| 001 | 1571332 | ||
| 003 | ARRUPE | ||
| 005 | 20150123141931.0 | ||
| 008 | 830830s1960 be a b 000 0 eng c | ||
| 010 | _a 62043508 /L/r83 | ||
| 035 | _a(OCoLC)ocm00351106 | ||
| 040 |
_aDLC/ICU _cCGU |
||
| 050 | 0 |
_aQC794 _b.G73 |
|
| 082 | 0 | _a539.7 | |
| 100 | 1 |
_aGrosjean, Carl C. _q(Carl Clement), _d1926- _914042 |
|
| 245 | 1 | 0 |
_aFormal theory of scattering phenomena: _ba study of recent achievements in modern scattering theory. |
| 260 |
_aBruxelles _c[1960] |
||
| 300 |
_a279 p. _billus. _c23 cm. |
||
| 490 | 1 |
_aInstitut interuniversitaire des sciences nucléaires. Monographie _vno 7 |
|
| 500 | _a"Based upon notes taken during seminars organized by Dr. S.B. Treiman, professor at the University of Princeton." | ||
| 504 | _aIncludes bibliography. | ||
| 650 | 0 |
_aScattering (Physics) _914043 |
|
| 650 | 0 |
_aQuantum theory. _914044 |
|
| 830 | 0 |
_aMonographie (Institut interuniversitaire des sciences nucléaires) ; _vno 7. _914045 |
|
| 942 |
_2lcc _cMONOGRAPH |
||
| 999 |
_c121700 _d121700 |
||